[Event "Hauts de Seine-ch"]
[Site "Issy les Moulineaux"]
[Date "2013.06.15"]
[Round "2"]
[White "Mehaibia, Azzedine"]
[Black "Gresh, Nohad"]
[Result "1-0"]
[WhiteElo "2072"]
[BlackElo "1836"]
[PlyCount "45"]
[EventDate "2013.06.15"]
[EventType "swiss"]
[EventRounds "5"]
[EventCountry "FRA"]
[SourceTitle "EXT 2015"]
[Source "ChessBase"]
[SourceDate "2014.11.20"]
[SourceVersion "1"]
[SourceVersionDate "2014.11.20"]
[SourceQuality "1"]

1. e4 c5 2. Nf3 Nc6 3. d4 cxd4 4. Nxd4 e5 5. Nb5 d6 6. N1c3 a6 7. Na3 Be6 8. Nc4 b5 9. Ne3 Nf6 10. Bd3 Rc8 11. a4 d5 12. exd5 Nxd5 13. Ncxd5 Bxd5 14. axb5 e4 15. Be2 Nb4 16. bxa6 Bc5 17. c3 Nd3+ 18. Bxd3 Bxe3 19. Bb5+ Bc6 20. Bxc6+ Rxc6 21. Qxd8+ Kxd8 22. Bxe3 Ke7 23. Ke2 1-0

[Event "FRA-chT2 1011"]
[Site "France"]
[Date "2010.10.17"]
[Round "1.5"]
[White "Ballester, Alexandre"]
[Black "Mehaibia, Azzedine"]
[Result "0-1"]
[WhiteElo "2154"]
[BlackElo "2175"]
[PlyCount "56"]
[EventDate "2010.10.17"]
[EventType "team-tourn"]
[EventRounds "11"]
[EventCountry "FRA"]
[SourceTitle "EXT 2012"]
[Source "ChessBase"]
[SourceDate "2011.11.24"]
[SourceVersion "1"]
[SourceVersionDate "2011.11.24"]
[SourceQuality "1"]

1. e4 c5 2. Nf3 g6 3. d4 cxd4 4. Nxd4 Bg7 5. Nc3 Nc6 6. Be3 Nf6 7. Bc4 0-0 8. Bb3 a5 9. 0-0 a4 10. Nxa4 Nxe4 11. Re1 d5 12. Nxc6 bxc6 13. f3 Nf6 14. Nb6 Rb8 15. Nxc8 Rxc8 16. Qd2 c5 17. Bh6 Bxh6 18. Qxh6 c4 19. Ba4 Qb6+ 20. Qe3 d4 21. Qxe7 Ra8 22. b3 d3+ 23. Qe3 Qxe3+ 24. Rxe3 d2 25. Rd1 Rfd8 26. Re2 c3 27. Re5 Kg7 28. Kf2 h5 0-1

[Event "FRA-chT2 Nord 0708"]
[Site "France"]
[Date "2008.03.15"]
[Round "8.2"]
[White "Mehaibia, Azzedine"]
[Black "Stevens, Christian1"]
[Result "1/2-1/2"]
[WhiteElo "2196"]
[BlackElo "2135"]
[PlyCount "100"]
[EventDate "2007.10.21"]
[EventType "team-tourn"]
[EventRounds "11"]
[EventCountry "FRA"]
[SourceTitle "EXT 2009"]
[Source "ChessBase"]
[SourceDate "2008.11.26"]
[SourceVersion "1"]
[SourceVersionDate "2008.11.26"]
[SourceQuality "1"]
[WhiteTeam "JEEN"]
[BlackTeam "Neuville en Ferrain"]
[WhiteTeamCountry "FRA"]
[BlackTeamCountry "FRA"]

1. e4 c5 2. Nf3 d6 3. d4 cxd4 4. Nxd4 Nf6 5. Nc3 e6 6. Be2 a6 7. a4 Nc6 8. 0-0 Be7 9. Be3 0-0 10. f4 Qc7 11. Nb3 b6 12. Bf3 Bb7 13. Qe1 Rac8 14. Rd1 Nb4 15. Rf2 Rfd8 16. Rfd2 d5 17. e5 Nd7 18. Qf2 Bc5 19. Nd4 Nc6 20. Nce2 Ndb8 21. c3 Na5 22. b4 Bxd4 23. Bxd4 Nc4 24. Rd3 Bc6 25. Ra1 Nd7 26. Bg4 Nf8 27. Qg3 Qd7 28. Rf1 Bxa4 29. f5 Bc2 30. fxe6 fxe6 31. Rdf3 Nd2 32. Nf4 Nxf1 33. Rxf1 Re8 34. Bxb6 Ng6 35. Nh5 Rf8 36. Re1 Bf5 37. Be2 Qb7 38. Bd4 Rf7 39. Ra1 Ra8 40. Qe3 Ne7 41. Nf4 Qc8 42. Bc5 Be4 43. Nh5 Bg6 44. Nf4 Nf5 45. Qf2 Rc7 46. Ra5 Be8 47. g4 Ne7 48. Bd6 Rca7 49. Bc5 Rc7 50. Bd6 Rca7 1/2-1/2

[Event "FRA-chT2 Nord 0708"]
[Site "France"]
[Date "2007.10.21"]
[Round "1.2"]
[White "Mehaibia, Azzedine"]
[Black "Deslandes, Pascal"]
[Result "1/2-1/2"]
[WhiteElo "2204"]
[BlackElo "2316"]
[PlyCount "58"]
[EventDate "2007.10.21"]
[EventType "team-tourn"]
[EventRounds "11"]
[EventCountry "FRA"]
[SourceTitle "EXT 2009"]
[Source "ChessBase"]
[SourceDate "2008.11.26"]
[SourceVersion "1"]
[SourceVersionDate "2008.11.26"]
[SourceQuality "1"]
[WhiteTeam "JEEN"]
[BlackTeam "Le Vesinet"]
[WhiteTeamCountry "FRA"]
[BlackTeamCountry "FRA"]

1. e4 e6 2. d4 d5 3. Nd2 Nf6 4. e5 Nfd7 5. Bd3 c5 6. c3 Nc6 7. Ne2 cxd4 8. cxd4 f6 9. exf6 Nxf6 10. Nf3 Bd6 11. 0-0 0-0 12. Bg5 Qc7 13. Nc3 a6 14. Bh4 Bd7 15. Re1 Rae8 16. Rc1 Qa5 17. Ne5 Qc7 18. Bxf6 Rxf6 19. Qh5 g6 20. Nxg6 hxg6 21. Bxg6 Bxh2+ 22. Kh1 Re7 23. Nxd5 exd5 24. Rxe7 Nxe7 25. Rxc7 Bxc7 26. Qh7+ Kf8 27. Qh6+ Kg8 28. Qh7+ Kf8 29. Qh6+ Kg8 1/2-1/2

[Event "Mediterranean-ch 4th"]
[Site "Cannes"]
[Date "2007.02.21"]
[Round "5"]
[White "Mehaibia, Azzedine"]
[Black "Garcia Paolicchi, Raul"]
[Result "1-0"]
[WhiteElo "2190"]
[BlackElo "2233"]
[PlyCount "101"]
[EventDate "2007.02.18"]
[EventType "swiss"]
[EventRounds "9"]
[EventCountry "FRA"]
[SourceTitle "CBM 116 Extra"]
[Source "ChessBase"]
[SourceDate "2007.03.07"]
[SourceVersion "1"]
[SourceVersionDate "2007.03.07"]
[SourceQuality "1"]

1. e4 c5 2. Nf3 e6 3. d4 cxd4 4. Nxd4 a6 5. Bd3 Bc5 6. Nb3 Be7 7. Nc3 d6 8. f4 Qc7 9. Qf3 Nf6 10. g4 Nc6 11. Be3 b5 12. 0-0-0 Bb7 13. Kb1 0-0-0 14. g5 Nd7 15. Qf2 h6 16. h4 hxg5 17. hxg5 Nc5 18. Rhf1 Nb8 19. e5 Nbd7 20. exd6 Bxd6 21. Bxb5 Nxb3 22. axb3 Nc5 23. Rxd6 Qxd6 24. Bxc5 Qd2 25. Qxd2 Rxd2 26. Bd3 Kc7 27. Bd4 Rg8 28. Be5+ Kd7 29. Na4 Ke7 30. Nc5 Bd5 31. Bc3 Rg2 32. Nxa6 f6 33. gxf6+ gxf6 34. Bd4 R8g4 35. Nb4 Bb7 36. Ka2 Rh2 37. Bc5+ Kf7 38. Re1 Rhh4 39. Bd6 Rh1 40. Rxh1 Bxh1 41. c4 e5 42. fxe5 Ke6 43. Ka3 fxe5 44. c5 e4 45. Bc4+ Kd7 46. Bb5+ Ke6 47. Bc4+ Kd7 48. Nd5 Rh4 49. Kb4 Rh3 50. Nf6+ Kd8 51. c6 1-0

[Event "Mediterranean-ch 4th"]
[Site "Cannes"]
[Date "2007.02.20"]
[Round "4"]
[White "Khairallah, Faisal"]
[Black "Mehaibia, Azzedine"]
[Result "1-0"]
[WhiteElo "2293"]
[BlackElo "2190"]
[PlyCount "85"]
[EventDate "2007.02.18"]
[EventType "swiss"]
[EventRounds "9"]
[EventCountry "FRA"]
[SourceTitle "CBM 116 Extra"]
[Source "ChessBase"]
[SourceDate "2007.03.07"]
[SourceVersion "1"]
[SourceVersionDate "2007.03.07"]
[SourceQuality "1"]

1. d4 Nf6 2. c4 g6 3. Nc3 Bg7 4. e4 d6 5. Bg5 h6 6. Be3 c6 7. f3 e5 8. Nge2 0-0 9. Qd2 exd4 10. Nxd4 d5 11. cxd5 cxd5 12. e5 Nh7 13. f4 a6 14. g3 Nc6 15. Bg2 Ne7 16. Nb3 Be6 17. Rd1 Qc7 18. Bc5 d4 19. Qxd4 Nf5 20. Qf2 Rfd8 21. 0-0 Bf8 22. Bb6 Qc8 23. Na5 Rb8 24. Rc1 Qd7 25. Rfd1 Qe7 26. Nd5 Bxd5 27. Rxd5 Rdc8 28. Rcd1 Qb4 29. a3 Qa4 30. g4 Ne7 31. R5d4 Qe8 32. Rd7 Nc6 33. Nb3 Qe6 34. Qf3 Nxe5 35. fxe5 Qxb6+ 36. Kh1 Ng5 37. Qd3 Ne6 38. Rf1 Ng5 39. h4 Rd8 40. hxg5 Rxd7 41. Qxd7 Qxb3 42. Rxf7 Qxb2 43. Bd5 1-0

[Event "Mediterranean-ch 4th"]
[Site "Cannes"]
[Date "2007.02.18"]
[Round "2"]
[White "Gurevich, Mikhail"]
[Black "Mehaibia, Azzedine"]
[Result "1-0"]
[WhiteElo "2635"]
[BlackElo "2190"]
[PlyCount "75"]
[EventDate "2007.02.18"]
[EventType "swiss"]
[EventRounds "9"]
[EventCountry "FRA"]
[SourceTitle "CBM 116 Extra"]
[Source "ChessBase"]
[SourceDate "2007.03.07"]
[SourceVersion "1"]
[SourceVersionDate "2007.03.07"]
[SourceQuality "1"]

1. c4 Nf6 2. Nc3 g6 3. g3 Bg7 4. Bg2 0-0 5. d3 d6 6. Bg5 h6 7. Bd2 c6 8. e4 Na6 9. Nge2 Ng4 10. 0-0 Ne5 11. Be3 Nb4 12. Nc1 c5 13. h3 Nbc6 14. f4 Nd7 15. N1e2 Nd4 16. Rb1 Nb8 17. b4 cxb4 18. Bxd4 Bxd4+ 19. Nxd4 bxc3 20. Qc2 Qa5 21. Rb5 Qa3 22. Qb3 Qa6 23. Qxc3 Nc6 24. Nxc6 bxc6 25. Rb2 Bd7 26. Rfb1 Rfd8 27. Kh2 c5 28. Bf3 Bc6 29. h4 Kh7 30. Bg4 Bd7 31. Be2 Bc6 32. h5 Rac8 33. hxg6+ fxg6 34. Bg4 Bd7 35. Rb7 Qc6 36. Qa5 Bxg4 37. Rxe7+ Kg8 38. Qc3 1-0

[Event "Mediterranean-ch 4th"]
[Site "Cannes"]
[Date "2007.02.18"]
[Round "1"]
[White "Mehaibia, Azzedine"]
[Black "Bogut, Zeljko"]
[Result "1/2-1/2"]
[WhiteElo "2190"]
[BlackElo "2437"]
[PlyCount "82"]
[EventDate "2007.02.18"]
[EventType "swiss"]
[EventRounds "9"]
[EventCountry "FRA"]
[SourceTitle "CBM 116 Extra"]
[Source "ChessBase"]
[SourceDate "2007.03.07"]
[SourceVersion "1"]
[SourceVersionDate "2007.03.07"]
[SourceQuality "1"]

1. e4 c5 2. Nf3 Nc6 3. d4 cxd4 4. Nxd4 e5 5. Nb5 d6 6. N1c3 a6 7. Na3 b5 8. Nd5 Nf6 9. Bg5 Be7 10. Bxf6 Bxf6 11. c3 0-0 12. Nc2 Bg5 13. Nce3 Bxe3 14. Nxe3 Ne7 15. Bd3 Bb7 16. Qh5 g6 17. Qh6 f5 18. exf5 gxf5 19. 0-0-0 Kh8 20. Bc2 d5 21. g4 d4 22. Nxf5 Nxf5 23. Bxf5 Rxf5 24. gxf5 Bxh1 25. Rxh1 dxc3 26. bxc3 Qf8 27. Qg5 Rc8 28. Rd1 Rxc3+ 29. Kb1 h6 30. Qg6 Rf3 31. Ka1 Rxf2 32. Qb6 Rxf5 33. Rd8 Rf1+ 34. Kb2 Rf2+ 35. Kc1 Rf1+ 36. Kd2 Rf2+ 37. Ke3 Rf3+ 38. Ke4 Rf4+ 39. Kxe5 Rf5+ 40. Ke4 Rf4+ 41. Ke3 Rf3+ 1/2-1/2

[Event "Issy les Moulineaux tt"]
[Site "Issy les Moulineaux"]
[Date "2005.01.22"]
[Round "4.1"]
[White "Trommsdorf, Fro"]
[Black "Mehaibia, Azzedine"]
[Result "0-1"]
[WhiteElo "2196"]
[BlackElo "2146"]
[PlyCount "64"]
[EventDate "2004.11.21"]
[EventType "team-tourn"]
[EventRounds "7"]
[EventCountry "FRA"]
[SourceTitle "EXT 2007"]
[Source "ChessBase"]
[SourceDate "2006.11.23"]
[SourceVersion "1"]
[SourceVersionDate "2006.11.23"]
[SourceQuality "1"]

1. Nf3 Nf6 2. g3 g6 3. Bg2 Bg7 4. c4 d6 5. d4 0-0 6. Nc3 c6 7. 0-0 Nbd7 8. Re1 e5 9. e4 exd4 10. Nxd4 Ne5 11. b3 Re8 12. h3 Qc7 13. Be3 Ned7 14. Qc2 Nc5 15. b4 Ne6 16. Nb3 b6 17. Rad1 Ba6 18. Bf1 Rad8 19. c5 Bxf1 20. cxb6 axb6 21. Rxf1 d5 22. exd5 cxd5 23. Qd3 Qd6 24. Qb5 Qe5 25. Nd4 Nh5 26. Rfe1 Nxg3 27. Kg2 Nh5 28. Nxe6 fxe6 29. Bd2 Qf5 30. Qxb6 Bxc3 31. Bxc3 Nf4+ 32. Kg3 Rf8 0-1

[Event "Paris Apsap op 71st"]
[Site "Paris"]
[Date "2004.04.22"]
[Round "5"]
[White "Le Duin, Thierry"]
[Black "Mehaibia, Azzedine"]
[Result "0-1"]
[WhiteElo "2160"]
[BlackElo "2084"]
[PlyCount "64"]
[EventDate "2004.04.19"]
[EventType "swiss"]
[EventRounds "7"]
[EventCountry "FRA"]
[SourceTitle "CBM 100 Extra"]
[Source "ChessBase"]
[SourceDate "2004.07.06"]
[SourceVersion "2"]
[SourceVersionDate "2004.07.06"]
[SourceQuality "1"]

1. d4 Nf6 2. Nf3 g6 3. c4 Bg7 4. Nc3 d6 5. e4 0-0 6. Bd3 e5 7. dxe5 dxe5 8. Bg5 h6 9. Bh4 Nbd7 10. 0-0 c6 11. Qc2 Qe7 12. h3 g5 13. Bg3 Nh5 14. Bh2 Nf4 15. Rfd1 Nc5 16. Bf1 g4 17. hxg4 Bxg4 18. Bxf4 Bxf3 19. gxf3 exf4 20. Bh3 Ne6 21. Bxe6 Qxe6 22. Ne2 Be5 23. Kh2 Qf6 24. Rab1 Qh4+ 25. Kg2 Kh8 26. Nd4 Rg8+ 27. Kf1 Rg1+ 28. Ke2 Rg2 29. Ke1 Bxd4 30. Rxd4 Qh1+ 31. Ke2 Rxf2+ 32. Kxf2 Qh2+ 0-1